Sobre Maragall, Foix i altres poetes : assaigs i comentaris crítics / Josep Romeu i Figueras assaigs i comentaris crítics / Josep Romeu i Figueras
ISBN:
84-7584-006-X
Descripción Física:
221 p. ; 21 cm
Colección:
Els Llibres de Glaucos ; 14
MARC
| LEADER | 00000nam a2200000Ia 4500 | ||
|---|---|---|---|
| 001 | 17031 | ||
| 008 | 160829s9999 xx 000 0 cat d | ||
| 020 | |a 84-7584-006-X | ||
| 080 | |a L-2-66 | ||
| 100 | |a Romeu i Figueras, Josep |9 32004 | ||
| 245 | |a Sobre Maragall, Foix i altres poetes : |b assaigs i comentaris crítics / Josep Romeu i Figueras | ||
| 260 | |a [Barcelona : |b Laertes], DL 1984 | ||
| 300 | |a 221 p. ; |c 21 cm | ||
| 490 | |a Els Llibres de Glaucos ; 14 | ||
| 650 | |a Poesia catalana |x Història i crítica |9 32005 | ||
| 650 | |a Poesia catalana |x S. XX |x Història i crítica |9 32006 | ||
| 650 | |a Poetes catalans |x S. XX |x Crítica i interpretació I |9 32007 | ||
| 650 | |a Poesia catalana |x Història i crítica |x S. XX |9 32008 | ||
| 650 | |a Poetes catalans |9 32009 | ||
| 901 | |a Arxiu | ||
| 942 | |n 1 | ||
| 952 | |0 0 |1 0 |4 0 |6 L266 |7 1 |9 45835 |a Arxiu |b Arxiu |d 2016-12-01 |l 0 |o L-2-66 |p 17031 |r 2016-12-01 00:00:00 |w 2016-12-01 |y ARXIU | ||
| 999 | |c 49335 |d 49335 | ||